Les Chapitres de Harry Potter 2 - Statistiques

Statistiques générales
  • Ce quiz a été pris 1 040 fois
  • Le résultat moyen est 12 sur 18
Statistiques - réponses
Chapitre Réponse % Correct
16 La Chambre des secrets
94%
3 Le Terrier
83%
6 Gilderoy Lockhart
79%
15 Aragog
77%
12 Le Polynectar
77%
17 L'héritier de Serpentard
75%
11 Le club de duel
70%
5 Le saule cogneur
70%
9 L'avertissement
69%
4 Chez Fleury et Bott
68%
1 Un très mauvais anniversaire
66%
10 Le cognard fou
64%
8 L'anniversaire de mort
62%
2 L'avertissement de Dobby
62%
18 La récompense de Dobby
59%
13 Un journal très intime
59%
14 Cornelius Fudge
57%
7 Sang-de-Bourbe et drôle de voix
55%
Aucun quiz correspondant
Distribution des résultats
% des personnes avec chaque résultat
Percentile par nombre de réponses
Votre historique - résultats
Vous n’avez pas pris ce quiz